000 00753nam a22002297a 4500
999 _c10780
_d10780
003 AR-CdUCM
008 190402b ||||| |||| 00| 0 spa d
020 _a980-6148-51-7
040 _aMUNICIPALIDAD PROVINCIAL DEL CUSCO
_cBIBLIOTECA MUNICIPAL DEL CUSCO
082 _aEP / 371.3 /
_bR74
100 _aRodriguez, Blanca
_927800
245 _aLenguaje :
_bProyecto ACES apoyo complementario escolar /
260 _aCaracas :
_bTina, Papel y tinta,
_c1994
300 _a84 paginas ;
_c23 cm.
500 _aAlcaldia de Caracas
505 _aContenido: objetivos generales -- objetivos especificos -- contenido
650 _aLenguaje
_95227
650 _aEducacion primaria
_91561
650 _aClases
_927799
942 _2ddc
_cLIBROS
945 _apjha